[Event "EUYCC 2022 - U10"]
[Site "?"]
[Date "2022.08.28"]
[Round "7.6"]
[White "Janouskova, Eliska"]
[Black "Zrust, Lukas"]
[Result "0-1"]
[WhiteElo "1330"]
[BlackElo "1344"]
[PlyCount "108"]
[EventDate "2022.??.??"]

1. e4 d5 2. exd5 Qxd5 3. Nc3 Qd6 4. d4 Nf6 5. Nb5 Qd8 6. Bf4 Na6 7. Nc3 g6 8.
Bb5+ Bd7 9. Bxa6 bxa6 10. Nf3 Bg7 11. O-O O-O 12. Re1 Rb8 13. b3 Rb4 14. a3 Rb7
15. Qe2 Bg4 16. h3 Bxf3 17. Qxf3 Rb8 18. Rad1 e6 19. Qc6 Rb6 20. Qc4 Qa8 21.
Qd3 Qc8 22. Na4 Rb5 23. Nc5 Rd8 24. Qe2 Nd5 25. Qd2 Rxc5 26. dxc5 Bc3 27. Qc1
Nxf4 28. Qxf4 Bxe1 29. Rxe1 Qd7 30. Qe3 Qd2 31. Qxd2 Rxd2 32. Rc1 Kg7 33. Kf1
Kf6 34. Ke1 Rd5 35. b4 c6 36. Ke2 e5 37. Ke3 Ke6 38. c3 f5 39. g3 g5 40. f3 h5
41. Re1 a5 42. Rc1 a6 43. Re1 axb4 44. axb4 a5 45. bxa5 Rxc5 46. Ra1 Rxc3+ 47.
Kf2 Rb3 48. a6 Rb8 49. Ke3 Kd6 50. f4 g4 51. fxe5+ Kxe5 52. Ra5+ Kf6 53. h4
Rb3+ 54. Kf4 Rf3# 0-1

[Event "EUYCC 2022 - U10"]
[Site "?"]
[Date "2022.08.28"]
[Round "7.7"]
[White "Novotny, Adam"]
[Black "Prochazka, Michal"]
[Result "1-0"]
[WhiteElo "1113"]
[BlackElo "1318"]
[PlyCount "55"]
[EventDate "2022.??.??"]

1. e4 d6 2. Nf3 g6 3. d4 Bg7 4. Be3 Nf6 5. Nc3 O-O 6. Qd2 c6 7. Be2 Nbd7 8.
O-O-O Qc7 9. h3 e5 10. dxe5 dxe5 11. g4 Nb6 12. g5 Nh5 13. Nh4 Be6 14. Bxh5
gxh5 15. Nf5 f6 16. gxf6 Rxf6 17. Rhg1 Rg6 18. Bh6 Nc4 19. Qe2 Bxf5 20. exf5
Bxh6+ 21. Kb1 Nd2+ 22. Ka1 Rxg1 23. Rxg1+ Kh8 24. Qxh5 Bf4 25. Qh4 Qf7 26. f6
Nf3 27. Rg7 Rg8 28. Qxh7# 1-0

[Event "EUYCC 2022 - U10"]
[Site "?"]
[Date "2022.08.28"]
[Round "7.8"]
[White "Koutecka, Magdalena"]
[Black "Frydel, Helena"]
[Result "0-1"]
[WhiteElo "1042"]
[BlackElo "1103"]
[PlyCount "30"]
[EventDate "2022.??.??"]

1. e4 e5 2. Nf3 Nf6 3. Bc4 Nc6 4. Nc3 Nxe4 5. Nxe5 Nxe5 6. Qe2 Nxc4 7. Qxe4+
Qe7 8. Qxe7+ Bxe7 9. O-O O-O 10. d3 Ne5 11. Re1 Ng6 12. Nd5 Bd6 13. Bg5 f6 14.
Bd2 c6 15. Nb4 a5 0-1

[Event "EUYCC 2022 - U14"]
[Site "?"]
[Date "2022.08.28"]
[Round "7.1"]
[White "Paralieu, Maxime"]
[Black "Peglau, Charis"]
[Result "0-1"]
[WhiteElo "1898"]
[BlackElo "1837"]
[PlyCount "156"]
[EventDate "2022.??.??"]

1. d4 d5 2. c4 dxc4 3. Nf3 a6 4. a4 Nf6 5. Nc3 Nc6 6. e3 Na5 7. Ne5 Be6 8. Ne2
Nd7 9. Nf3 c6 10. Nd2 Nb6 11. Nf4 Bf5 12. e4 Bg6 13. Nxg6 hxg6 14. Nf3 e6 15.
Bd2 Nb3 16. Rb1 Nxd4 17. Ba5 Nxf3+ 18. Qxf3 Qg5 19. Bd2 Qc5 20. Rc1 Rd8 21. a5
Nd7 22. Bxc4 Ne5 23. Qb3 Nxc4 24. Rxc4 Qb5 25. Qc2 Be7 26. b3 O-O 27. O-O Rd7
28. Bc3 Qh5 29. Rd4 Rfd8 30. Rxd7 Rxd7 31. h3 Bf6 32. Bxf6 gxf6 33. b4 Kg7 34.
Rb1 Qe5 35. f3 Qd4+ 36. Kh2 Qe3 37. Rb2 Rd3 38. Ra2 e5 39. Rb2 Rd4 40. Rb3 Qe1
41. Rb1 Qe3 42. Rd1 Rxb4 43. Rd7 Qf4+ 44. Kh1 Qe3 45. Qa2 Qb3 46. Qf2 Rd4 47.
Rc7 Qd1+ 48. Kh2 Rd7 49. Rc8 Rd8 50. Rc7 Rd7 51. Rc8 Qd6 52. Qb2 Rd8 53. Qxb7
Rxc8 54. Qxc8 c5 55. h4 g5 56. h5 Kh7 57. h6 g4 58. fxg4 Kxh6 59. Qh8+ Kg6 60.
Qg8+ Kh6 61. Qh8+ Kg5 62. Qh5+ Kf4 63. Qf5+ Ke3 64. Qf3+ Kd2 65. Qf2+ Kc3 66.
Qe3+ Kb4 67. Qe1+ Kb5 68. Qb1+ Kxa5 69. Qa2+ Kb5 70. Qxf7 c4 71. Qb7+ Kc5 72.
Qb2 Qb6 73. Qf2+ Kb5 74. Qb2+ Kc6 75. Qd2 Qd4 76. Qa5 Qxe4 77. Qxa6+ Kd5 78.
Qxf6 Qf4+ 0-1

[Event "EUYCC 2022 - U14"]
[Site "?"]
[Date "2022.08.28"]
[Round "7.2"]
[White "Brozynski, Patryk"]
[Black "Novomeska, Karin"]
[Result "0-1"]
[WhiteElo "1911"]
[BlackElo "1765"]
[PlyCount "88"]
[EventDate "2022.??.??"]

1. e4 c6 2. Nf3 d5 3. d3 Bg4 4. h3 Bh5 5. Nc3 e6 6. Be2 Nf6 7. O-O Be7 8. Bf4
O-O 9. Re1 Nfd7 10. Ne5 Bxe2 11. Qxe2 Nxe5 12. Bxe5 Nd7 13. Bg3 Bb4 14. exd5
cxd5 15. d4 Rc8 16. Qd3 Qa5 17. Re3 Bxc3 18. bxc3 Rc4 19. f3 Rfc8 20. Be1 Nb6
21. Kh2 Na4 22. Rb1 Qc7+ 23. Bg3 Qc6 24. Be1 Nxc3 25. Bxc3 Qd6+ 26. g3 Rxc3 27.
Qxc3 Rxc3 28. Rxc3 Qd7 29. h4 g6 30. Rb4 b6 31. a3 Kg7 32. Kg2 Qb7 33. Kh2 Qa6
34. Rd3 Qc8 35. c4 dxc4 36. Rc3 Qc6 37. Rbxc4 Qd5 38. a4 h6 39. Kg2 g5 40. hxg5
hxg5 41. Kf2 Qf5 42. Kg2 g4 43. fxg4 Qe4+ 44. Rf3 Qe2+ 0-1

[Event "EUYCC 2022 - U14"]
[Site "?"]
[Date "2022.08.28"]
[Round "7.3"]
[White "Sabarez, Iulian"]
[Black "Mueller, Maximilian"]
[Result "1-0"]
[WhiteElo "1702"]
[BlackElo "1873"]
[PlyCount "113"]
[EventDate "2022.??.??"]

1. e4 e6 2. d4 d5 3. Nd2 Nf6 4. e5 Nfd7 5. c3 c5 6. Bd3 Nc6 7. Ne2 cxd4 8. cxd4
f6 9. exf6 Nxf6 10. Nf3 Bd6 11. O-O Qc7 12. Bg5 O-O 13. Bh4 Nh5 14. Qc2 h6 15.
Bh7+ Kh8 16. Bg6 Rxf3 17. gxf3 Bxh2+ 18. Kg2 Nf4+ 19. Nxf4 Qxf4 20. Bg3 Bxg3
21. fxg3 Qxd4 22. Qc3 Qf6 23. Qxf6 gxf6 24. Be8 e5 25. Rac1 Bh3+ 26. Kxh3 Rxe8
27. b4 Re7 28. b5 Nd4 29. Rc8+ Kg7 30. Rd8 Nc2 31. Rc1 Ne3 32. g4 d4 33. Kg3
Kg6 34. a4 h5 35. gxh5+ Kf5 36. h6 Rh7 37. Rh1 Ke6 38. Kf2 Nf5 39. a5 Nd6 40.
a6 b6 41. Rb8 Kd5 42. Rb7 Nxb7 43. axb7 Rxb7 44. h7 Rb8 45. h8=Q Rxh8 46. Rxh8
Kc4 47. Rh7 Kxb5 48. Rxa7 Kc4 49. Ke2 f5 50. Rc7+ Kd5 51. Rd7+ Kc4 52. Re7 b5
53. Rxe5 b4 54. Rxf5 b3 55. Rf8 Kc3 56. Rc8+ Kb2 57. Kd3 1-0

[Event "EUYCC 2022 - U14"]
[Site "?"]
[Date "2022.08.28"]
[Round "7.4"]
[White "Fizer, Marek"]
[Black "Buchta, Bartolomej"]
[Result "1-0"]
[WhiteElo "1998"]
[BlackElo "1701"]
[PlyCount "89"]
[EventDate "2022.??.??"]

1. e4 c5 2. Nf3 e6 3. g3 a6 4. Bg2 d6 5. O-O Nf6 6. Qe2 Nc6 7. d3 Qc7 8. a4 Be7
9. c3 O-O 10. Nbd2 Bd7 11. b3 b5 12. Bb2 b4 13. cxb4 Nxb4 14. Rac1 Bc6 15. d4
Qb7 16. Rfe1 d5 17. dxc5 dxe4 18. Ne5 e3 19. fxe3 Bxg2 20. Qxg2 Nfd5 21. e4 f6
22. exd5 fxe5 23. d6 Qxg2+ 24. Kxg2 Bg5 25. Re2 Nd3 26. Rc2 Bxd2 27. Rcxd2 Nxc5
28. Rxe5 Rf5 29. Rxf5 exf5 30. Rc2 Nd7 31. Rc7 Rd8 32. b4 Kf7 33. Ra7 Ke6 34.
Rxa6 Nb8 35. Ra8 g5 36. Kf3 h6 37. Bg7 h5 38. h4 gxh4 39. gxh4 Kxd6 40. Kf4 Ke6
41. Be5 Nc6 42. Rxd8 Nxd8 43. a5 Nc6 44. a6 Na7 45. Bb8 1-0

[Event "EUYCC 2022 - U14"]
[Site "?"]
[Date "2022.08.28"]
[Round "7.5"]
[White "Desarmaux-Do, Yanis-Huy"]
[Black "Orfila, Kristofer"]
[Result "1/2-1/2"]
[WhiteElo "1935"]
[BlackElo "1723"]
[PlyCount "68"]
[EventDate "2022.??.??"]

1. Nf3 Nf6 2. g3 c5 3. Bg2 Nc6 4. d4 cxd4 5. Nxd4 d5 6. O-O e6 7. c4 Be7 8. Nc3
O-O 9. Bf4 a6 10. Rc1 Nxd4 11. Qxd4 dxc4 12. Qxc4 b5 13. Qb3 Ra7 14. Rfd1 Rd7
15. e4 Qa5 16. e5 Rxd1+ 17. Rxd1 Nd7 18. a3 Rd8 19. Qc2 Qc7 20. Qe2 Bb7 21.
Bxb7 Qxb7 22. Ne4 Nb6 23. Rxd8+ Bxd8 24. Nd6 Qd5 25. h4 Be7 26. Qe3 Qc6 27. Qc1
Qxc1+ 28. Bxc1 Kf8 29. Ne4 Nd5 30. Kf1 h6 31. Ke2 Ke8 32. Be3 Nxe3 33. Kxe3 Kd7
34. Kd4 Kc6 1/2-1/2

[Event "EUYCC 2022 - U14"]
[Site "?"]
[Date "2022.08.28"]
[Round "7.6"]
[White "Page, Noah"]
[Black "Sigut, Ondrej"]
[Result "1-0"]
[WhiteElo "1992"]
[BlackElo "1495"]
[PlyCount "153"]
[EventDate "2022.??.??"]

1. e4 c5 2. c3 e6 3. d4 d5 4. exd5 exd5 5. Nf3 Nc6 6. Bb5 Bd6 7. dxc5 Bxc5 8.
O-O Nge7 9. Nbd2 O-O 10. Nb3 Bb6 11. Nfd4 a6 12. Be2 Nf5 13. Nxf5 Bxf5 14. Bf3
Be4 15. Re1 Re8 16. Be3 Bc7 17. Qe2 Qd6 18. g3 Ne5 19. Bg2 Bxg2 20. Kxg2 Nc4
21. Rad1 Nxe3+ 22. fxe3 Qe5 23. Nc5 Bb6 24. Nd7 Qe4+ 25. Qf3 Bxe3 26. Qxe4 Rxe4
27. Rxd5 Rae8 28. Kf3 R4e7 29. Rd3 Ba7 30. Rxe7 Rxe7 31. Nc5 g6 32. Ne4 Kg7 33.
c4 Rc7 34. b3 Bg1 35. h3 Bc5 36. Rd5 Be7 37. c5 f5 38. Nd6 Bxd6 39. cxd6 Rd7
40. Ke3 Kf6 41. Kd4 b6 42. g4 fxg4 43. hxg4 h5 44. gxh5 gxh5 45. Rxh5 Rxd6+ 46.
Rd5 Rc6 47. Rd8 Ke7 48. Rh8 Rd6+ 49. Kc4 Kd7 50. Ra8 a5 51. Kb5 Kc7 52. Ra7+
Kb8 53. Rh7 Rg6 54. Ka6 a4 55. b4 Rg2 56. Kxb6 Rg6+ 57. Ka5 Rg2 58. a3 Rg4 59.
Kxa4 Rf4 60. Ka5 Rf5+ 61. b5 Rg5 62. a4 Rf5 63. Ka6 Rf4 64. a5 Rf6+ 65. b6 Rf8
66. Rc7 Rh8 67. Rc4 Rh5 68. Rd4 Rh8 69. Kb5 Rh5+ 70. Kc6 Rh6+ 71. Rd6 Rh8 72.
a6 Rg8 73. b7 Ka7 74. Kc7 Rg7+ 75. Rd7 Rg8 76. Rd8 Rg7+ 77. Kc8 1-0

[Event "EUYCC 2022 - U14"]
[Site "?"]
[Date "2022.08.28"]
[Round "7.7"]
[White "Gollner, Martin"]
[Black "Abitbol, Ethan"]
[Result "0-1"]
[WhiteElo "1771"]
[BlackElo "1490"]
[PlyCount "74"]
[EventDate "2022.??.??"]

1. e4 c5 2. Nf3 e6 3. d4 cxd4 4. Nxd4 a6 5. Nc3 Qc7 6. Bd3 Nc6 7. Nb3 Nf6 8.
Qe2 Bb4 9. Bd2 O-O 10. a3 Be7 11. f4 d6 12. g4 Nd7 13. Be3 Bf6 14. g5 Bxc3+ 15.
bxc3 b5 16. h4 Bb7 17. h5 f5 18. gxf6 Nxf6 19. O-O-O Rac8 20. Bd2 Na5 21. Nd4
Rfe8 22. Kb1 Qc5 23. Ka2 Nc4 24. Bc1 a5 25. Nb3 Qc7 26. Rh3 e5 27. f5 d5 28.
Bxc4 Qxc4 29. Qxc4 dxc4 30. Nd2 Nxe4 31. Nxe4 Bxe4 32. Rf1 Bg2 33. Rhf3 e4 34.
R3f2 Bxf1 35. Rxf1 e3 36. Re1 e2 37. h6 Rcd8 0-1

[Event "EUYCC 2022 - U14"]
[Site "?"]
[Date "2022.08.28"]
[Round "7.9"]
[White "Janouskova, Adela"]
[Black "Arshinkova, Boryana"]
[Result "0-1"]
[WhiteElo "1561"]
[BlackElo "1483"]
[PlyCount "92"]
[EventDate "2022.??.??"]

1. e4 c5 2. b4 cxb4 3. a3 bxa3 4. d4 g6 5. f4 d5 6. e5 Nc6 7. Nf3 Bg4 8. c3
Bxf3 9. Qxf3 e6 10. Bxa3 Bxa3 11. Nxa3 a6 12. Nc2 Nge7 13. Ne3 h5 14. g4 hxg4
15. Nxg4 Ng8 16. Be2 b5 17. Kd2 Qb6 18. Rhb1 Ra7 19. h3 Nce7 20. Bd3 Kd8 21.
Qe3 Nh6 22. Nf6 Neg8 23. Nxg8 Nxg8 24. Qg3 Ne7 25. h4 Nc6 26. Qg5+ Kc8 27. Qf6
Rd8 28. Qg5 Rdd7 29. h5 gxh5 30. Qxh5 Nd8 31. f5 Qc6 32. f6 Rdb7 33. Ra5 Rc7
34. Rc1 b4 35. Rc5 bxc3+ 36. R1xc3 Qb6 37. Rxc7+ Rxc7 38. Rxc7+ Kxc7 39. Ke3 a5
40. Be2 a4 41. Qh1 Nc6 42. Qd1 a3 43. Bh5 Qxd4+ 44. Qxd4 Nxd4 45. Kxd4 a2 46.
Bxf7 a1=Q+ 0-1

[Event "EUYCC 2022 - U14"]
[Site "?"]
[Date "2022.08.28"]
[Round "7.10"]
[White "Lazniewska, Zofia"]
[Black "Krasilnikova, Marija"]
[Result "1/2-1/2"]
[WhiteElo "1545"]
[BlackElo "1271"]
[PlyCount "52"]
[EventDate "2022.??.??"]

1. e4 c5 2. c3 d5 3. exd5 Qxd5 4. d4 g6 5. Nf3 Bg7 6. Be3 cxd4 7. cxd4 Qa5+ 8.
Nc3 Nh6 9. Bd3 Nf5 10. O-O O-O 11. Qe2 Nc6 12. Bxf5 Bxf5 13. Rad1 Bg4 14. h3
Bxf3 15. Qxf3 Rad8 16. d5 Ne5 17. Qe2 Nd7 18. Bd4 Nf6 19. Qxe7 Nxd5 20. Nxd5
Rxd5 21. Bxg7 Kxg7 22. Rxd5 Qxd5 23. Qa3 a6 24. Qc3+ Kg8 25. a3 Re8 26. Qb4 Qc6
1/2-1/2

[Event "EUYCC 2022 - U14"]
[Site "?"]
[Date "2022.08.28"]
[Round "7.11"]
[White "Mickunaite, Agne"]
[Black "Barteckova, Denisa"]
[Result "1/2-1/2"]
[WhiteElo "1527"]
[BlackElo "1455"]
[PlyCount "120"]
[EventDate "2022.??.??"]

1. c4 Nf6 2. d4 d5 3. cxd5 Nxd5 4. e4 Nf6 5. Nc3 e6 6. Be3 b6 7. f3 Bb7 8. Bc4
Nbd7 9. Nge2 c5 10. O-O cxd4 11. Bxd4 Rc8 12. Bb3 e5 13. Bf2 Nc5 14. Ba4+ Nfd7
15. Bxd7+ Qxd7 16. Qxd7+ Nxd7 17. Rfd1 Ba6 18. Rd2 Bb4 19. a3 Bc5 20. b4 Bxf2+
21. Kxf2 Bxe2 22. Nxe2 Nb8 23. Rd5 f6 24. Rad1 Ke7 25. Ke3 Rhd8 26. Rxd8 Rxd8
27. Rxd8 Kxd8 28. b5 Nd7 29. Kd3 Ke7 30. Kc4 Kd6 31. Nc3 Nc5 32. g3 h6 33. h4
Ne6 34. Nd5 Nd4 35. Ne3 g6 36. Ng4 Nxf3 37. Nxh6 Nd2+ 38. Kd3 Nf1 39. g4 Nh2
40. h5 gxh5 41. gxh5 Ke6 42. Nf5 Nf3 43. a4 Ng5 44. Ng3 Kd6 45. Kc4 Ke6 46. h6
Nh7 47. Kb4 Kd6 48. Nf5+ Ke6 49. a5 Ng5 50. axb6 axb6 51. Kc4 Nh7 52. Kd3 Nf8
53. Ke3 Kf7 54. h7 Nxh7 55. Nd6+ Ke6 56. Nc8 Ng5 57. Nxb6 Kd6 58. Na4 Kc7 59.
Kd3 Nf7 60. Nc3 Kb6 1/2-1/2

[Event "EUYCC 2022 - U14"]
[Site "?"]
[Date "2022.08.28"]
[Round "7.12"]
[White "Dorazilova, Kristyna"]
[Black "Haapsal, Maria Ioanna"]
[Result "0-1"]
[WhiteElo "1400"]
[BlackElo "1334"]
[PlyCount "102"]
[EventDate "2022.??.??"]

1. e4 c5 2. Nc3 e6 3. f4 Nc6 4. Bb5 Nge7 5. Nf3 a6 6. Bxc6 Nxc6 7. O-O d6 8. d3
Be7 9. Qe1 Qc7 10. Kh1 Bf6 11. Bd2 b5 12. Rc1 Nd4 13. Nd1 a5 14. c3 Nc6 15. a3
Ba6 16. Nf2 Qb6 17. e5 dxe5 18. Nxe5 Bh4 19. Nxc6 Bxf2 20. Qxf2 Qxc6 21. Qf3
Qxf3 22. Rxf3 f6 23. Be3 Rc8 24. d4 c4 25. f5 Kf7 26. Kg1 Bb7 27. Rf2 Rhe8 28.
Re1 Rcd8 29. fxe6+ Rxe6 30. Rfe2 Rde8 31. g3 Bf3 32. Kf2 Bxe2 33. Rxe2 Ke7 34.
Kf3 Kd6 35. Bf4+ Kd5 36. Rxe6 Rxe6 37. Be3 Rb6 38. Bd2 Rb7 39. Kf4 Re7 40. Be3
b4 41. axb4 axb4 42. Kf3 Ra7 43. Bd2 Ra2 44. cxb4 Rxb2 45. Ke3 Rb3+ 46. Kf4 c3
47. Be1 c2 48. Bd2 Rb1 49. b5 c1=Q 50. Bxc1 Rxc1 51. Ke3 Rb1 0-1

[Event "EUYCC 2022 - U14"]
[Site "?"]
[Date "2022.08.28"]
[Round "7.13"]
[White "Balazs, Sztella Anna"]
[Black "Skutil, Frantisek Elias"]
[Result "1-0"]
[WhiteElo "1663"]
[BlackElo "1514"]
[PlyCount "33"]
[EventDate "2022.??.??"]

1. e4 c5 2. Nf3 d6 3. d4 cxd4 4. Nxd4 Nf6 5. Nc3 g6 6. Be3 Bg7 7. f3 O-O 8. Qd2
Nc6 9. O-O-O Bd7 10. g4 h5 11. gxh5 Nxh5 12. Qg2 Nxd4 13. Bxd4 Bxd4 14. Rxd4
Bc6 15. Bc4 Qd7 16. Qxg6+ Ng7 17. Rg1 1-0

[Event "EUYCC 2022 - U14"]
[Site "?"]
[Date "2022.08.28"]
[Round "7.14"]
[White "Hetfleischova, Elen"]
[Black "Dobsa, Emma"]
[Result "1-0"]
[WhiteElo "1352"]
[BlackElo "1526"]
[PlyCount "55"]
[EventDate "2022.??.??"]

1. e4 e5 2. Nf3 Nc6 3. Bc4 Bc5 4. c3 Nf6 5. d4 exd4 6. e5 d5 7. Bb5 Ne4 8. Nxd4
Bd7 9. Bxc6 Bxc6 10. O-O O-O 11. f3 Ng5 12. f4 Ne4 13. Be3 Bb6 14. Nd2 f5 15.
Rf3 Qe7 16. Rh3 Be8 17. N2f3 c5 18. Nxf5 Qf7 19. Ng3 Nxg3 20. Rxg3 Bc6 21. Ng5
Qf5 22. Qf1 h6 23. Nf3 Qe4 24. Re1 Qa4 25. Nh4 d4 26. b3 Qa5 27. Qc4+ Rf7 28.
e6 1-0

[Event "EUYCC 2022 - U14"]
[Site "?"]
[Date "2022.08.28"]
[Round "7.15"]
[White "Prokhorova, Arina"]
[Black "Sizov, Lev"]
[Result "0-1"]
[WhiteElo "1086"]
[BlackElo "1212"]
[PlyCount "118"]
[EventDate "2022.??.??"]

1. d4 Nf6 2. Bg5 e6 3. e4 d5 4. e5 h6 5. Bf4 Nfd7 6. c4 Bb4+ 7. Nc3 dxc4 8.
Bxc4 c5 9. a3 Ba5 10. dxc5 Bxc3+ 11. bxc3 Qa5 12. Qb3 Qxc5 13. Nf3 Nc6 14. Bb5
a6 15. Bxc6 Qxc6 16. O-O O-O 17. Rac1 b6 18. Rfd1 Bb7 19. c4 g5 20. Qd3 Nc5 21.
Qd6 gxf4 22. Qxc6 Bxc6 23. Rd6 Bxf3 24. gxf3 Rab8 25. Rb1 b5 26. cxb5 axb5 27.
Rc6 Nd3 28. Rb3 Nxe5 29. Rc5 f6 30. Rcxb5 Nxf3+ 31. Kg2 Rxb5 32. Rxb5 Nd4 33.
Rb4 e5 34. a4 Ra8 35. h4 Kf7 36. h5 Ke6 37. Kh3 Kf5 38. Kh4 Nf3+ 39. Kh3 Kg5
40. Kg2 Nd4 41. Kh1 Kxh5 42. f3 Nxf3 43. Rb2 Rxa4 44. Ra2 Nh4 45. Rxa4 f5 46.
Kg1 e4 47. Kf1 Kg4 48. Kg1 Nf3+ 49. Kh1 Nd2 50. Kh2 f3 51. Ra3 f4 52. Ra1 f2
53. Ra5 f1=N+ 54. Kg2 e3 55. Ra1 f3+ 56. Kh1 Kh3 57. Rxf1 Nxf1 58. Kg1 f2+ 59.
Kh1 Ng3# 0-1

[Event "EUYCC 2022 - U14"]
[Site "?"]
[Date "2022.08.28"]
[Round "7.16"]
[White "Grunert, Heinrich"]
[Black "Stary, Simon"]
[Result "1-0"]
[WhiteElo "1342"]
[BlackElo "1309"]
[PlyCount "51"]
[EventDate "2022.??.??"]

1. e4 c5 2. Nf3 Nc6 3. Bb5 e6 4. O-O Nge7 5. c3 a6 6. Ba4 b5 7. Bc2 d5 8. exd5
Nxd5 9. d4 Qb6 10. Be3 Nxe3 11. fxe3 Be7 12. Nbd2 O-O 13. Bb1 Bb7 14. Qc2 g6
15. Ne4 cxd4 16. cxd4 Rac8 17. Qf2 h6 18. Nh4 g5 19. Nf6+ Bxf6 20. Qxf6 gxh4
21. Qxh6 f5 22. Qxe6+ Kg7 23. Rxf5 Nxd4 24. Rg5+ Kh8 25. Rh5+ Kg7 26. Rh7# 1-0

[Event "EUYCC 2022 - U14"]
[Site "?"]
[Date "2022.08.28"]
[Round "7.17"]
[White "Mikulinaite, Meta"]
[Black "Kuzmina, Oleksandra"]
[Result "1/2-1/2"]
[WhiteElo "1138"]
[BlackElo "1144"]
[PlyCount "71"]
[EventDate "2022.??.??"]

1. e4 e5 2. Bc4 Nf6 3. Nc3 Bc5 4. Nf3 Nc6 5. O-O d6 6. h3 h6 7. d3 O-O 8. Na4
Bb6 9. Nxb6 axb6 10. a3 Qe7 11. Nh2 Be6 12. Bxe6 Qxe6 13. f4 d5 14. exd5 Qxd5
15. c3 Rfd8 16. fxe5 Nxe5 17. d4 c5 18. Bxh6 cxd4 19. cxd4 Qxd4+ 20. Qxd4 Rxd4
21. Be3 Rd6 22. Bf4 Rd5 23. Nf3 Nd3 24. Bc1 b5 25. b4 Nxc1 26. Rfxc1 Rd3 27.
Rc5 Raxa3 28. Rxa3 Rxa3 29. Rxb5 Ra7 30. Kh2 Ne4 31. Ne5 Nc3 32. Rc5 f6 33.
Rc8+ Kh7 34. Rxc3 fxe5 35. Rc5 Ra4 36. Rb5 1/2-1/2

[Event "EUYCC 2022 - U8"]
[Site "?"]
[Date "2022.08.29"]
[Round "8.1"]
[White "Srnak, Martin"]
[Black "Cazacu, Iustin-Nicolas"]
[Result "0-1"]
[WhiteElo "1088"]
[BlackElo "1456"]
[PlyCount "64"]
[EventDate "2022.??.??"]

1. e4 c5 2. c3 d5 3. exd5 Qxd5 4. d4 Nf6 5. Nf3 Nc6 6. dxc5 Qxc5 7. Be3 Qd5 8.
Na3 Bg4 9. Nb5 O-O-O 10. Qxd5 Nxd5 11. Nxa7+ Nxa7 12. Bxa7 Bxf3 13. gxf3 b6 14.
Ba6+ Kc7 15. Rd1 Rd6 16. Bc4 e6 17. b3 Kb7 18. Bxb6 Kxb6 19. Bxd5 exd5 20. c4
dxc4 21. bxc4 Kc5 22. Rxd6 Bxd6 23. Rg1 g6 24. Rg4 Bxh2 25. f4 Re8+ 26. Kf1 Re4
27. Kg2 Bxf4 28. Kf3 Rxc4 29. Rxf4 Rxf4+ 30. Kxf4 h5 31. Kg5 f5 32. Kh4 Kb4 0-1

[Event "EUYCC 2022 - U8"]
[Site "?"]
[Date "2022.08.29"]
[Round "8.3"]
[White "Prokhorov, Makar"]
[Black "Zahariev, Velislav"]
[Result "1-0"]
[WhiteElo "1289"]
[BlackElo "1263"]
[PlyCount "153"]
[EventDate "2022.??.??"]

1. e4 c6 2. d4 d5 3. e5 c5 4. c3 Nc6 5. Nf3 Bg4 6. Be2 e6 7. h3 Bxf3 8. Bxf3
cxd4 9. cxd4 Qb6 10. Be3 Qxb2 11. Nd2 Qa3 12. O-O Nge7 13. Rb1 b6 14. Qb3 Qxb3
15. Nxb3 Nf5 16. Be2 Nb4 17. g4 Nxe3 18. fxe3 Nxa2 19. Bb5+ Kd8 20. Rxf7 Be7
21. Ra1 Nc3 22. Bc6 Rc8 23. Rxa7 Rxc6 24. Ra8+ Rc8 25. Rxc8+ Kxc8 26. Rxe7 Rf8
27. Rxg7 Rf3 28. Rxh7 Rxe3 29. Nd2 Re1+ 30. Nf1 Rd1 31. g5 Ne2+ 32. Kf2 Nf4 33.
Rh6 Kd7 34. g6 Ke7 35. g7 Kf7 36. Rf6+ Kxg7 37. Rxf4 Rd3 38. Ke2 Rxh3 39. Rf6
Rh6 40. Rxh6 Kxh6 41. Kd3 Kg6 42. Kc3 Kf5 43. Nd2 Kf4 44. Kd3 Kf5 45. Nb1 Kf4
46. Nc3 Kf3 47. Nb5 Kf4 48. Nc7 Kf5 49. Kc3 Kg6 50. Nxe6 Kf7 51. Nf4 Ke7 52.
Nxd5+ Ke6 53. Nxb6 Ke7 54. d5 Kd8 55. Nd7 Kxd7 56. Kc4 Ke7 57. Kc5 Kd7 58. e6+
Ke7 59. d6+ Kxe6 60. Kc6 Kf7 61. d7 Ke7 62. Kc7 Ke6 63. d8=Q Ke5 64. Qd6+ Ke4
65. Kc6 Ke3 66. Kc5 Ke4 67. Qd5+ Ke3 68. Kc4 Ke2 69. Qd3+ Kf2 70. Kd4 Kg2 71.
Qe3 Kh2 72. Qf3 Kg1 73. Qe2 Kh1 74. Ke3 Kg1 75. Kf3 Kh1 76. Kg3 Kg1 77. Qg2#
1-0

[Event "EUYCC 2022 - U8"]
[Site "?"]
[Date "2022.08.29"]
[Round "8.4"]
[White "Malcheva, Niya"]
[Black "Doan, Hoang Minh"]
[Result "0-1"]
[WhiteElo "1116"]
[BlackElo "1115"]
[PlyCount "88"]
[EventDate "2022.??.??"]

1. e4 c5 2. Nc3 e6 3. d4 cxd4 4. Qxd4 Nc6 5. Qd3 Qc7 6. Nf3 Nf6 7. Be3 Nb4 8.
Qd2 Nxe4 9. Nxe4 Nxc2+ 10. Kd1 Nxa1 11. Nc3 Be7 12. Bd3 O-O 13. Ke2 f5 14. Bf4
d6 15. Bg3 e5 16. Bb5 a6 17. Qd5+ Kh8 18. Ba4 b5 19. Qxa8 Bb7 20. Qxf8+ Bxf8
21. Bd1 b4 22. Nb1 Nc2 23. Bxc2 Qxc2+ 24. Nbd2 e4 25. Nd4 Qd3+ 26. Kd1 Qxd4 27.
Re1 f4 28. Bh4 e3 29. fxe3 fxe3 30. Re2 Qxh4 31. Rxe3 Qxh2 32. Re8 Kg8 33. Rb8
Qxg2 34. Re8 h5 35. Re2 Bf3 36. Nxf3 Qxf3 37. Kd2 h4 38. Re3 Qg2+ 39. Kd3 h3
40. b3 h2 41. Kc4 d5+ 42. Kd3 h1=Q 43. Kd4 Qd2+ 44. Rd3 Qe4# 0-1

[Event "EUYCC 2022 - U8"]
[Site "?"]
[Date "2022.08.29"]
[Round "8.5"]
[White "Koev, Georgi"]
[Black "Kovacs, Balazs"]
[Result "1/2-1/2"]
[WhiteElo "1119"]
[BlackElo "1463"]
[PlyCount "84"]
[EventDate "2022.??.??"]

1. e4 e5 2. Bc4 c6 3. Nf3 d5 4. exd5 cxd5 5. Bb5+ Bd7 6. Bxd7+ Nxd7 7. O-O e4
8. Nd4 Ngf6 9. d3 Bc5 10. Ne2 O-O 11. dxe4 dxe4 12. Ng3 Qc7 13. Re1 Rad8 14.
Be3 Qb6 15. Qc1 Bxe3 16. Rxe3 Ne5 17. Nc3 Nc4 18. Re2 Qxb2 19. Qxb2 Nxb2 20.
Rb1 Rc8 21. Rxb2 Rxc3 22. Nxe4 Nxe4 23. Rxe4 Rd8 24. Kf1 g6 25. Re7 Rd2 26.
Rexb7 Rdxc2 27. Rxc2 Rxc2 28. Rxa7 Kg7 29. a4 Ra2 30. a5 Kf6 31. Ra8 Ke6 32. a6
h5 33. a7 Kf5 34. g3 Kg4 35. Kg2 Kg5 36. h3 f6 37. Kf3 Ra3+ 38. Ke4 Ra4+ 39.
Kd5 Ra1 40. Ke6 Re1+ 41. Kf7 Ra1 42. f4+ Kf5 1/2-1/2

[Event "EUYCC 2022 - U10"]
[Site "?"]
[Date "2022.08.29"]
[Round "8.1"]
[White "Zhang, Yibo"]
[Black "Policar, Martin"]
[Result "0-1"]
[WhiteElo "1469"]
[BlackElo "1461"]
[PlyCount "60"]
[EventDate "2022.??.??"]

1. e4 c5 2. Nf3 Nf6 3. Nc3 d5 4. exd5 Nxd5 5. Bb5+ Bd7 6. Ne5 Nf6 7. Qf3 Qc7 8.
Nxd7 Nbxd7 9. O-O a6 10. Bc4 e6 11. Re1 Be7 12. d3 O-O 13. Bf4 Qb6 14. Bb3 Rac8
15. a4 Qc6 16. Qh3 Bd6 17. Rxe6 fxe6 18. Qxe6+ Kh8 19. Qxd6 Ne8 20. Qxc6 Rxc6
21. Bg3 Nef6 22. Re1 Nb6 23. a5 c4 24. Ba2 cxd3 25. axb6 dxc2 26. Rc1 Rd8 27.
f3 Rxc3 28. bxc3 Rd1+ 29. Kf2 Rxc1 30. Bf4 Ra1 0-1

[Event "EUYCC 2022 - U10"]
[Site "?"]
[Date "2022.08.29"]
[Round "8.2"]
[White "Beniosev, Daniel"]
[Black "Hladky, Mikulas"]
[Result "1-0"]
[WhiteElo "1403"]
[BlackElo "1576"]
[PlyCount "47"]
[EventDate "2022.??.??"]

1. e4 e5 2. Nc3 Nf6 3. f4 d5 4. fxe5 Nxe4 5. Qf3 Nxc3 6. bxc3 Qh4+ 7. g3 Qe4+
8. Qxe4 dxe4 9. Bg2 Bf5 10. d4 Nc6 11. Rb1 b6 12. Ne2 Be7 13. O-O Bg6 14. Nf4
Na5 15. Nxg6 hxg6 16. Bxe4 Rd8 17. Bf4 g5 18. Bc1 g6 19. Bd3 c5 20. Be3 cxd4
21. cxd4 Rh7 22. e6 f5 23. g4 Bd6 24. Bb5+ 1-0

[Event "EUYCC 2022 - U10"]
[Site "?"]
[Date "2022.08.29"]
[Round "8.4"]
[White "Peglau, Paul David"]
[Black "Tatar, Marius Lucian"]
[Result "1/2-1/2"]
[WhiteElo "1635"]
[BlackElo "1434"]
[PlyCount "125"]
[EventDate "2022.??.??"]

1. Nf3 d5 2. d4 Nf6 3. Bf4 e6 4. e3 c5 5. c4 Be7 6. Nc3 O-O 7. Be2 Nbd7 8. cxd5
exd5 9. O-O b6 10. dxc5 Nxc5 11. Nd4 Bb7 12. Nf5 Rc8 13. Nb5 Ne8 14. Nxa7 Ra8
15. Nxe7+ Qxe7 16. Nb5 Ne6 17. Bg3 Qb4 18. Qb3 Qxb3 19. axb3 Nf6 20. Rfc1 Nc5
21. Nd4 Nfe4 22. Bc7 Nd2 23. Bxb6 Ncxb3 24. Nxb3 Nxb3 25. Rxa8 Rxa8 26. Rb1 Ra2
27. Bd4 f6 28. Bd1 Nxd4 29. exd4 Kf7 30. Kf1 Ke6 31. Ke2 h6 32. Ke3 g5 33. b3
f5 34. g3 f4+ 35. gxf4 gxf4+ 36. Kxf4 Rxf2+ 37. Kg3 Rd2 38. Bg4+ Kd6 39. Rd1
Rb2 40. Rd3 Ba6 41. Re3 Kc7 42. Re7+ Kb6 43. Re6+ Ka5 44. Rxh6 Rxb3+ 45. Kf4
Bc4 46. Be6 Rb6 47. Ke5 Kb4 48. Rh3 Rb7 49. Rg3 Rh7 50. h3 Rh5+ 51. Kf4 Rh4+
52. Bg4 Bf1 53. Kg5 Rh8 54. Rf3 Bxh3 55. Bxh3 Kc4 56. Be6 Kxd4 57. Rf5 Rd8 58.
Kf4 Rd6 59. Bg8 Rd8 60. Bf7 Rd7 61. Be6 Rd6 62. Bg8 Rd8 63. Bf7 1/2-1/2